000 00479nam a2200169Ia 4500
003 GCL
008 140319s9999 xx 000 0 eng d
040 _aGCL /
_cGCL
082 0 4 _a004.6
_bF B
100 1 _aRABB, THEODORE K.
245 1 0 _aBUSINESS DATA COMMUNICATION: BASIC, CONCEPT AND DESIGN 4TH EDITION /
_cRABB, THEODORE K.
260 _a[S.N] :
_bMACMILLAN PUBLISHING COMPANY
300 _a774 P
650 0 4 _aDATA COMMUNICATION
650 0 4 _aBUSINESS
942 _2ddc
_cBK
999 _c18176
_d18176